Normal view
MARC view
- Occupational Health
Entry Topical Term
001 - CONTROL NUMBER
- control field: 94547
003 - CONTROL NUMBER IDENTIFIER
- control field: NUST
005 - DATE AND TIME OF LATEST TRANSACTION
- control field: 20220722114247.0
008 - FIXED-LENGTH DATA ELEMENTS
- fixed length control field: 220722|| aca||aabn | a|a d
040 ## - CATALOGING SOURCE
- Original cataloging agency: NUST
- Transcribing agency: NUST
150 ## - HEADING--TOPICAL TERM
- Topical term or geographic name entry element: Occupational Health
670 ## - SOURCE DATA FOUND
- Source citation: Work cat.: (NUST)176578: Stigliani, Joan. 94543, The computer user's survival guide / , c1995.
